| 000 | 00684nam a22002537a 4500 | ||
|---|---|---|---|
| 999 |
_c4848 _d4848 |
||
| 001 | 3855 | ||
| 003 | BD-DhUAP | ||
| 005 | 20201122153645.0 | ||
| 008 | 201122s1994 iaua b 001 0 eng | ||
| 020 | _a0697136809 | ||
| 020 | _a0697136795 | ||
| 040 |
_aDLC _cDLC _dBD-DhUAP _bEng |
||
| 082 | 0 | 0 |
_223 _a570 MAD |
| 100 | 1 |
_aMader, Sylvia S. _910624 |
|
| 245 | 1 | 0 |
_aInquiry into life / _cSylvia S. Mader. |
| 250 | _a7th ed. | ||
| 260 |
_aDubuque, IA : _bWCB publishers, _cc1994. |
||
| 300 |
_axxiv, 760 pages : _billustrations ; _c28 cm. |
||
| 500 | _aIncludes index. | ||
| 650 | 0 |
_aBiology _911712 |
|
| 650 | 0 | _aInquiry (Theory of knowledge) | |
| 650 | 0 | _aLife. | |
| 942 |
_2ddc _cBK |
||